A Critique of the Prevention of Money Laundering Act, 2002/ (Record no. 177905)

MARC details
000 -LEADER
fixed length control field 00727nam a22002057a 4500
005 - DATE AND TIME OF LATEST TRANSACTION
control field 20210310122944.0
010 ## - LCCN (DPL NO)
LC control number ENG-129192
020 ## - INTERNATIONAL STANDARD BOOK NUMBER
International Standard Book Number 978-93-8999-145-1
Terms of availability 695.00
035 ## - SYSTEM CONTROL NUMBER
System control number EN-112724
037 ## - SOURCE OF ACQUISITION
Source of stock number/acquisition DBAD/PUB
082 ## - DEWEY DECIMAL CLASSIFICATION NUMBER
Classification number 345.540268
100 ## - MAIN ENTRY--PERSONAL NAME
Personal name Bhandari, Abhimanyu
245 ## - TITLE STATEMENT
Title A Critique of the Prevention of Money Laundering Act, 2002/
260 ## - PUBLICATION, DISTRIBUTION, ETC. (IMPRINT)
Place of publication, distribution, etc Haryana, India
Name of publisher, distributor, etc Lexis Nexis
Date of publication, distribution, etc 2021
270 ## - ADDRESS
City Gurugaon
Postal code 122002
Address 14th floor, Building No.10, Tower-B, DLF Cyber City, Phase-II
Telephone number 911244774444
Fax number 911244774100
Electronic mail address help.in@lixisnexis.com
300 ## - PHYSICAL DESCRIPTION
Extent 327p.
Dimensions 24cm(hbk)
Other physical details Including Index
500 ## - GENERAL NOTE
General note Forward by A.K. Sikri
700 ## - ADDED ENTRY--PERSONAL NAME
Personal name Sharama, Kartika
942 ## - ADDED ENTRY ELEMENTS (KOHA)
Source of classification or shelving scheme Dewey Decimal Classification
Item type English Books
Classification part 345.540268
Call number suffix BHA
Holdings
Withdrawn status Lost status Not for loan Collection code Home library Current library Date acquired Source of acquisition Cost, normal purchase price Full call number Barcode Copy number Cost, replacement price Koha item type
      Non-fiction Ashok Vihar Ashok Vihar 10/03/2021 DBAD/PUB 695.00 345.540268 BHA EN-112724 1 695.00 English Books

© Delhi Public Library
Hit Counter
free hit counter